Focus (Record no. 77966)

MARC details
000 -LEADER
fixed length control field 00812cab a2200277 4500
001 - CONTROL NUMBER
control field ##L135660
008 - FIXED-LENGTH DATA ELEMENTS--GENERAL INFORMATION
fixed length control field 061122n2006 000 0 eng u
035 ## - SYSTEM CONTROL NUMBER
System control number (Sirsi) u135660
041 0# - LANGUAGE CODE
Language code of text/sound track or separate title eng
100 1# - MAIN ENTRY--PERSONAL NAME
Personal name Morrison, Adrian
245 00 - TITLE STATEMENT
Title Focus
Remainder of title East Scotland
260 ## - PUBLICATION, DISTRIBUTION, ETC.
Date of publication, distribution, etc. 2006
490 #0 - SERIES STATEMENT
Series statement Estates Gazette
Volume/sequential designation (0644) 4 November 2006, 127-143(11)
520 ## - SUMMARY, ETC.
Summary, etc. Looks at the development market in West Edinburgh, retail in Aberdeen, offices in Dundee and supermarkets in Inverness.
590 ## - LOCAL NOTE (RLIN)
Local note KA
651 #4 - SUBJECT ADDED ENTRY--GEOGRAPHIC NAME
Geographic name EAST SCOTLAND
651 #4 - SUBJECT ADDED ENTRY--GEOGRAPHIC NAME
Geographic name EDINBURGH
651 #4 - SUBJECT ADDED ENTRY--GEOGRAPHIC NAME
Geographic name ABERDEEN
651 #4 - SUBJECT ADDED ENTRY--GEOGRAPHIC NAME
Geographic name DUNDEE
651 #4 - SUBJECT ADDED ENTRY--GEOGRAPHIC NAME
Geographic name INVERNESS
651 #4 - SUBJECT ADDED ENTRY--GEOGRAPHIC NAME
Geographic name CLACKMANNANSHIRE
690 ## - LOCAL SUBJECT ADDED ENTRY--TOPICAL TERM (OCLC, RLIN)
Topical term or geographic name as entry element PROPERTY-COMMERCIAL PROPERTY-COMMERCIAL PROPERTY MARKET
700 1# - ADDED ENTRY--PERSONAL NAME
Personal name Moore, Charlotte
700 1# - ADDED ENTRY--PERSONAL NAME
Personal name Baker, Colin
942 ## - ADDED ENTRY ELEMENTS (KOHA)
Suppress in OPAC 0
Holdings
Withdrawn status Lost status Source of classification or shelving scheme Damaged status Not for loan Home library Current library Shelving location Date acquired Total Checkouts Full call number Barcode Date last seen Copy number Price effective from Koha item type
    Dewey Decimal Classification     London London Journal article 22/11/2006   L135660 135660-1001 06/08/2019 1 06/08/2019 Journal article